| 000 | 01008nam a22002777a 4500 | ||
|---|---|---|---|
| 001 | 8267 | ||
| 003 | FISKH | ||
| 005 | 20250905121459.0 | ||
| 008 | 250905b cb ||||| |||| 00| 0 eng d | ||
| 020 | _a9780545496636 | ||
| 040 |
_aFISKH _beng _cFISKH _dFISKH |
||
| 050 | _aPZ7.B52337 L | ||
| 082 | _a813.6 | ||
| 100 | _aBirtha, Becky | ||
| 245 |
_aLucky beans / _cBy Becky Birtha : Illustrated by Nicole Tadgell |
||
| 260 |
_aNew York : _bScholastic , _c2010. |
||
| 300 |
_a32 unnumbered pages : _bcolor illustrator _c25 cm . |
||
| 505 | _aK | ||
| 520 | _aDuring the Great Depression, Marshall, an African American boy, uses lessons learned in arithmetic class and guidance from his mother to figure out how many beans are in a jar in order to win her a new sewing machine in a contest. | ||
| 521 | 8 |
_a510
_bLexile estimate |
|
| 521 | 8 |
_aK
_bRaz-Plus |
|
| 650 |
_aSewing machine _vPicture Book |
||
| 700 |
_aTadgell, Nicole _eIllustrator |
||
| 942 |
_2ddc _cBK _n0 |
||
| 999 |
_c8267 _d8267 |
||